000 00669nam a22002057a 4500
005 20251108173132.0
008 250721s2001 xx 000 0 ara d
082 1 4 _a370.15/مور
100 1 _aموريش، رونالد
245 1 0 _aمفاتيح التربية البناءة الدليل العملي للآباء و المعلمين /
264 1 _aدمشق :
_bدار الثقافة للجميع،
_c2001.
300 _a128ص
650 1 7 _aعلم النفس التربوي
650 1 7 _aالطلاب
650 1 7 _aالآباء
650 1 7 _aالمدرسون
700 1 _aالخياط، عبد اللطيف
_etran.
942 _2ddc
_cBK
999 _c96887
_d96887